000 00587nam a22002297a 4500
003 OSt
005 20180116183017.0
008 151009b xxu||||| |||| 00| 0 eng d
020 _a9789382291497
022 _a9789382291497
040 _c0
050 _a005.73
082 _a005.73
100 _aKumar,T.V Suresh.
245 _aData Mining.
_bPrinciples and Applications.
_cDr.T V Suresh Kumar.
260 _aNew Delhi
_bELSEVIER
_c2013.
300 _a373p.
500 _aPaper Cover
600 _aKumar,T.V Suresh.
700 _aKumar,T.V Suresh.
942 _2ddc
_cBK
_k005.73
999 _c350410
_d350410